<?xml version="1.0" encoding="UTF-8"?><?xml-stylesheet type="text/xsl" href="static/style.xsl"?><OAI-PMH xmlns="http://www.openarchives.org/OAI/2.0/" xmlns:xsi="http://www.w3.org/2001/XMLSchema-instance" xsi:schemaLocation="http://www.openarchives.org/OAI/2.0/ http://www.openarchives.org/OAI/2.0/OAI-PMH.xsd"><responseDate>2026-04-28T19:34:30Z</responseDate><request verb="GetRecord" identifier="oai:uvadoc.uva.es:10324/44320" metadataPrefix="marc">https://uvadoc.uva.es/oai/request</request><GetRecord><record><header><identifier>oai:uvadoc.uva.es:10324/44320</identifier><datestamp>2025-03-26T19:45:15Z</datestamp><setSpec>com_10324_7462</setSpec><setSpec>com_10324_5186</setSpec><setSpec>com_10324_29291</setSpec><setSpec>col_10324_44281</setSpec></header><metadata><record xmlns="http://www.loc.gov/MARC21/slim" xmlns:doc="http://www.lyncode.com/xoai" xmlns:xsi="http://www.w3.org/2001/XMLSchema-instance" xmlns:dcterms="http://purl.org/dc/terms/" xsi:schemaLocation="http://www.loc.gov/MARC21/slim http://www.loc.gov/standards/marcxml/schema/MARC21slim.xsd">
<leader>00925njm 22002777a 4500</leader>
<datafield tag="042" ind1=" " ind2=" ">
<subfield code="a">dc</subfield>
</datafield>
<datafield tag="720" ind1=" " ind2=" ">
<subfield code="a">Urjasz–Raczko, Matylda</subfield>
<subfield code="e">author</subfield>
</datafield>
<datafield tag="260" ind1=" " ind2=" ">
<subfield code="c">2019</subfield>
</datafield>
<datafield tag="520" ind1=" " ind2=" ">
<subfield code="a">Las tres primeras elecciones libres en la República Polaco-Lituana (1573-1589) involucraron la actividad de muchos diplomáticos y agentes internacionales. Su objetivo principal, aunque no el único, era ganar el trono para su candidato. Fue particularmente difícil para los diplomáticos de monarquías como España que apenas tenían experiencia con Polonia y Lituania (las negociaciones sobre el pago de las famosas "sumas napolitanas" no habían conducido a un reconocimiento mutuo). En consecuencia, la diplomacia española no conocía el país en el que iba a competir con sus rivales mortales, Francia e Turquía. Eso la puso en una situación muy difícil. Primero, tenían que actuar en una realidad muy diferente, principalmente debido a las diferencias en la cultura política y los valores estatales. En segundo lugar, fueron privados de sus aliados. La famosa, internacional red española de agentes (partido español) no llegaba a la República y la cooperación con la diplomacia imperial en este asunto produjo malos efectos.


Sobre la base de la correspondencia diplomática española sobre el llamado “negocio de Polonia” podemos analizar el choque de dos diferentes sistemas socio-políticos, culturas políticas y valores estatales. El estudio de la imagen de la República vista a través de los diplomáticos españoles ofrece una oportunidad para destacar algunos aspectos de la construcción de la Europa Moderna en el siglo XVI.</subfield>
</datafield>
<datafield tag="024" ind2=" " ind1="8">
<subfield code="a">Investigaciones Históricas. Época Moderna y Contemporánea; Núm. 39 (2019) pags. 149-178</subfield>
</datafield>
<datafield tag="024" ind2=" " ind1="8">
<subfield code="a">2530-6472</subfield>
</datafield>
<datafield tag="024" ind2=" " ind1="8">
<subfield code="a">http://uvadoc.uva.es/handle/10324/44320</subfield>
</datafield>
<datafield tag="024" ind2=" " ind1="8">
<subfield code="a">10.24197/ihemc.39.2019.149-178</subfield>
</datafield>
<datafield tag="024" ind2=" " ind1="8">
<subfield code="a">149</subfield>
</datafield>
<datafield tag="024" ind2=" " ind1="8">
<subfield code="a">39</subfield>
</datafield>
<datafield tag="024" ind2=" " ind1="8">
<subfield code="a">178</subfield>
</datafield>
<datafield ind1=" " ind2=" " tag="653">
<subfield code="a">Historia moderna y contemporánea</subfield>
</datafield>
<datafield tag="245" ind1="0" ind2="0">
<subfield code="a">Comprender lo incomprensible. Los diplomáticos de Felipe II de Habsburgo frente a las primeras elecciones libres en la República polaco-lituana (1573-1587)</subfield>
</datafield>
</record></metadata></record></GetRecord></OAI-PMH>